Musicians by Picture #3 - Statistics

General Stats
  • This quiz has been taken 58,604 times
  • The average score is 14 of 20
Answer Stats
Picture Hint Answer % Correct
1958–2009 Michael Jackson
98%
b. 1989 Taylor Swift
95%
b. 1979 Pink
86%
b. 1969 Mariah Carey
82%
1963–2012 Whitney Houston
82%
b. 1975 50 Cent
81%
b. 1981 Justin Timberlake
80%
b. 1969 Jay-Z
78%
b. 2001 Billie Eilish
75%
b. 1973 Pharrell Williams
73%
1901–1971 Louis Armstrong
72%
1685–1750 J. S. Bach
63%
1930–2004 Ray Charles
62%
b. 1955 Yo Yo Ma
58%
b. 1985 Lana Del Rey
54%
b. 1998 Shawn Mendes
53%
b. 1948 Steven Tyler
52%
b. 1977 Chris Martin
50%
b. 1942 Barbra Streisand
47%
1933–2006 James Brown
46%
No matching quizzes found
Score Distribution
Percent of People with Each Score
Percentile by Number Answered
Your Score History
You have not taken this quiz